00531nam a2200169Ia 4500008004100000020001800041040001800059041000800077100002900085245003400114260004700148300001800195586006100213650002800274650002900302650003000331130821s1973 xxu gr eng  a0312 42 009 9 aCo-BoUCMbspa00aeng1 aSontag, Susand1933-200413aOn PhotographycSusan Sontang aNueva York (Estados Unidos)bPicadorc1973 a208 páginas aNational Book critics' Circle Award for Criticism, 1977. aEnsayos estadounidenses aFotografía artística aLiteratura estadounidense